Statystyki dla wszyscy zdobywcy eredivisie

Kliknij tutaj aby rozwiązać quiz!

Ogólne statystyki

  • Ten quiz został rozwiązany 31 razy
  • Średni wynik to 5 z 29

Statystyki odpowiedzi

liczba trofeówklub% Poprawnych
36ajax amsterdam
100%
16feyenoord
85%
24psv eindhoven
81%
2az
59%
1fc twente
33%
6sparta rotterdam
33%
2ado den haag
19%
3willem
15%
1DOS
11%
4go ahead eagles
7%
10hvv den haag
7%
1nac breda
7%
1fc eindhoven
4%
2heracles almelo
4%
1quick den haag
4%
5RAP
4%
1svv
4%
1vv concordia
4%
1be quick
0%
1de volewijckers
0%
1DWS
0%
1fc den bosch
0%
1fc enschede
0%
2hbs craeyenhout
0%
1hfc haarlem
0%
3koninklijke hfc
0%
1limburgia
0%
2RCH
0%
1roda jc kerkade
0%

Rozkład punktacji

Percentyl według liczby udzielonych odpowiedzi

Procent ludzi z każdym wynikiem

Twoja historia wyników

Nie rozwiązałeś tego quizu